| 000 | 00710nam a2200205 i 4500 | ||
|---|---|---|---|
| 001 | 41829 | ||
| 003 | ES-MaACL | ||
| 005 | 20250723094626.0 | ||
| 007 | t| | ||
| 008 | 030311s1922 sp ||||1| spa d | ||
| 100 | 1 |
_aCasares Gil, José, _d1866-1961 _936166 |
|
| 245 | 1 | 0 |
_aDiscurso leído en la Universidad Central, en la inaguración del curso de 1922 a 1923 / _cJosé Casares Gil. |
| 260 |
_aMadrid : _b[s.n.], _c1922 ( _fImp. Colonial...) |
||
| 300 |
_a34 p. ; _c27 cm. |
||
| 500 | _aTema- De la importancia de la ciencia, en especial de la Química. | ||
| 594 | _aPrecede al tít.: Universidad Central. | ||
| 650 | 0 | 7 |
_aQuímica _2embne _916625 |
| 852 |
_aES-MaACL _j1639-F-3 |
||
| 999 |
_c41829 _d41829 |
||